[Event "Tula Region-ch"]
[Site "Tula"]
[Date "2005.08.11"]
[Round "7"]
[White "Rodionov, Alexander"]
[Black "Zarkovskiy, Sergei"]
[Result "1-0"]
[WhiteElo "2195"]
[BlackElo "2222"]
[PlyCount "119"]
[EventDate "2005.08.05"]
[EventType "swiss"]
[EventRounds "9"]
[EventCountry "RUS"]
[SourceTitle "EXT 2006"]
[Source "ChessBase"]
[SourceDate "2005.11.24"]
[SourceVersion "1"]
[SourceVersionDate "2005.11.24"]
[SourceQuality "1"]

1. e4 e5 2. Nf3 Nc6 3. Bb5 a6 4. Ba4 d6 5. 0-0 Bg4 6. c3 Be7 7. d4 b5 8. Bc2 Nf6 9. Be3 0-0 10. Nbd2 Qd7 11. h3 Bh5 12. Re1 Rfe8 13. Nf1 Bg6 14. N3h2 Rad8 15. Ng3 h6 16. Qe2 Bf8 17. d5 Ne7 18. b3 Rb8 19. a4 c5 20. b4 c4 21. axb5 axb5 22. Ra7 Rb7 23. Rea1 Nc8 24. R7a6 Be7 25. f3 Bd8 26. Qf2 Bc7 27. Ng4 Nh5 28. Bxh6 Nf4 29. Nf5 Bxf5 30. exf5 Qd8 31. Bxg7 Bb6 32. Rxb6 Qxb6 33. Qxb6 Nxb6 34. Nf6+ Kxg7 35. Nxe8+ Kh6 36. Nxd6 Rd7 37. Ne4 Nbxd5 38. Ra6+ Kg7 39. f6+ Kh6 40. Ra8 Nd3 41. Rb8 Ra7 42. Rxb5 Ra1+ 43. Kh2 Ne3 44. Bxd3 cxd3 45. Ra5 Rc1 46. Ra2 Rc2 47. Ra1 d2 48. Nxd2 Rxd2 49. Re1 Nxg2 50. Rxe5 Kg6 51. Re4 Ne3+ 52. Kg3 Nf5+ 53. Kf4 Kxf6 54. b5 Rb2 55. Rb4 Rxb4+ 56. cxb4 Nd6 57. b6 Nb7 58. Ke4 Ke6 59. Kd4 Kd6 60. h4 1-0